000 00550nam a2200205Ia 4500
999 _c57154
_d57154
003 0100
005 20180129144739.0
008 130303s9999 xx 000 0 und d
040 _cARRUPELIB
050 _aDT61.M8
100 _aMurray, Margaret Alice
_939005
245 4 _aThe splendour that was Egypt:
_ba general survey of Egyptian culture and civilization /
260 _aNew York
_bPhilosophical Library
_c1949
300 _a354p.
300 _b 24cm.
650 _aEgypt
_xCivilization
_938998
650 _aEgypt
_xAntiquities
_924091
942 _2lcc
_cMONOGRAPH